Countries but all Vowels are Changed to O - Statistics

General Stats
  • This quiz has been taken 71,119 times
    70,788 since last reset
  • The average score is 18 of 20
Answer Stats
Coontro Country % Correct
Ofghonoston Afghanistan
97%
Bohomos Bahamas
97%
Bonglodosh Bangladesh
97%
Brozol Brazil
97%
Chod Chad
97%
Donmork Denmark
97%
Fojo Fiji
97%
Fonlond Finland
97%
Fronco France
97%
Ghono Ghana
97%
Oroq Iraq
97%
Jomooco Jamaica
97%
Jopon Japan
97%
Jordon Jordan
97%
Konyo Kenya
97%
Loxomboorg Luxembourg
97%
Modogoscor Madagascar
97%
Molto Malta
97%
Monoco Monaco
97%
Nopol Nepal
97%
Nothorlonds Netherlands
97%
Nogor Niger
97%
Norwoo Norway
97%
Pokoston Pakistan
97%
Polond Poland
97%
Portogol Portugal
97%
Qotor Qatar
97%
Slovokoo Slovakia
97%
Swodon Sweden
97%
Swotzorlond Switzerland
97%
Toowon Taiwan
97%
Thoolond Thailand
97%
Vootnom Vietnam
97%
Yomon Yemen
97%
Borbodos Barbados
96%
Botswono Botswana
96%
Comoroon Cameroon
96%
Conodo Canada
96%
Chono China
96%
Colomboo Colombia
96%
Ogopt Egypt
96%
Grooco Greece
96%
Gootomolo Guatemala
96%
Hondoros Honduras
96%
Kozokhston Kazakhstan
96%
Loos Laos
96%
Lotvoo Latvia
96%
Lobonon Lebanon
96%
Moxoco Mexico
96%
Mongoloo Mongolia
96%
Montonogro Montenegro
96%
Morocco Morocco
96%
Mozomboqoo Mozambique
96%
Myonmor Myanmar
96%
Omon Oman
96%
Ponomo Panama
96%
Pholopponos Philippines
96%
Rwondo Rwanda
96%
Sonogol Senegal
96%
Songoporo Singapore
96%
Spoon Spain
96%
Sodon Sudan
96%
Tonzonoo Tanzania
96%
Vonozoolo Venezuela
96%
Zomboo Zambia
96%
Zombobwo Zimbabwe
96%
Bolgoom Belgium
95%
Bhoton Bhutan
95%
Combodoo Cambodia
95%
Crootoo Croatia
95%
Cobo Cuba
95%
Kosovo Kosovo
95%
Kowoot Kuwait
95%
Poro Peru
95%
Romonoo Romania
95%
Rossoo Russia
95%
Slovonoo Slovenia
95%
Torkmonoston Turkmenistan
95%
Ondorro Andorra
94%
Bolovoo Bolivia
94%
Cholo Chile
94%
Djobooto Djibouti
94%
Gobon Gabon
94%
Gomboo Gambia
94%
Goorgoo Georgia
94%
Goyono Guyana
94%
Hooto Haiti
94%
Hongoro Hungary
94%
Losotho Lesotho
94%
Loochtonstoon Liechtenstein
94%
Molo Mali
94%
Moldovo Moldova
94%
Nocorogoo Nicaragua
94%
Nogoroo Nigeria
94%
Togo Togo
94%
Torkoo Turkey
94%
Ozbokoston Uzbekistan
94%
Ozorboojon Azerbaijan
93%
Copros Cyprus
93%
Domonoco Dominica
93%
Gronodo Grenada
93%
Molowo Malawi
93%
Nomoboo Namibia
93%
Sorboo Serbia
93%
Tojokoston Tajikistan
93%
Ogondo Uganda
93%
Olbonoo Albania
92%
Ongolo Angola
92%
Bohroon Bahrain
92%
Boloros Belarus
92%
Bonon Benin
92%
Gormono Germany
92%
Ocolond Iceland
92%
Oron Iran
92%
Somoloo Somalia
92%
Bolgoroo Bulgaria
91%
Ocoodor Ecuador
91%
Osrool Israel
91%
Korgozston Kyrgyzstan
91%
Moldovos Maldives
91%
Soochollos Seychelles
91%
Tongo Tonga
91%
Bolozo Belize
90%
Somoo Samoa
90%
Tovolo Tuvalu
90%
Orolond Ireland
89%
Oostroloo Australia
88%
Bronoo Brunei
88%
Borondo Burundi
88%
Lothoonoo Lithuania
88%
Olgoroo Algeria
87%
Orgontono Argentina
87%
Koroboto Kiribati
87%
Vonooto Vanuatu
87%
Comoros Comoros
86%
Poloo Palau
86%
Oostroo Austria
85%
Moorotoos Mauritius
84%
Nooro Nauru
84%
Ormonoo Armenia
83%
Oswotono Eswatini
83%
Porogooo Paraguay
83%
Othoopoo Ethiopia
82%
Ondoo India
82%
Loboroo Liberia
81%
Loboo Libya
81%
Ondonosoo Indonesia
80%
Soronomo Suriname
80%
Tonosoo Tunisia
80%
Ostonoo Estonia
79%
Moorotonoo Mauritania
78%
Soroo Syria
77%
Otolo Italy
76%
Moloosoo Malaysia
75%
Okroono Ukraine
75%
Orotroo Eritrea
71%
Goonoo Guinea
71%
Orogooo Uruguay
51%
No matching quizzes found
Score Distribution
Percent of People with Each Score
Percentile by Number Answered
Your Score History
You have not taken this quiz since the last reset